Working paper of National Conference on Communication from the Islamic Perspective

Bibliographic Details
Corporate Authors: National Conference on Communication from the Islamic Perspective, Institut Teknologi MARA
Format: Book
Subjects:

MARC

LEADER 00000cam a2200000 7i4500
001 0000007957
005 20031224093000.0
008 021119n
090 0 0 |a BP190.5.C65   |b N3 1989 
110 1 |a National Conference on Communication from the Islamic Perspective   |k 1989   |j Shah Alam, Selangor 
245 0 0 |a Working paper of National Conference on Communication from the Islamic Perspective   |c organised by School of Mass Communication, Institut Teknologi Mara, October 5th-7th 
300 |a 1 v. (various pagings) ;   |c 30 cm. 
650 0 |a Communication   |x Religious aspects   |x Islam   |x Congresses 
710 1 1 |a Institut Teknologi MARA ,   |c Kajian Sebaran Am 
999 |a 1000045928   |b Book   |c Reference   |e Gong Badak Campus